Object oriented programming in C++ (Record no. 182153)

MARC details
000 -LEADER
fixed length control field 00446nam a2200169Ia 4500
005 - DATE AND TIME OF LATEST TRANSACTION
control field 20250311165030.0
008 - FIXED-LENGTH DATA ELEMENTS--GENERAL INFORMATION
fixed length control field 231217s9999 xx 000 0 und d
020 ## - INTERNATIONAL STANDARD BOOK NUMBER
International Standard Book Number 9788131722824
082 ## - DEWEY DECIMAL CLASSIFICATION NUMBER
Classification number 001.6424C LAF1;2 R
100 ## - MAIN ENTRY--PERSONAL NAME
Personal name Lafore, Robert.
245 #0 - TITLE STATEMENT
Title Object oriented programming in C++
250 ## - EDITION STATEMENT
Edition statement 4th ed.
260 ## - PUBLICATION, DISTRIBUTION, ETC. (IMPRINT)
Date of publication, distribution, etc. 2009
Name of publisher, distributor, etc. Pearson
Place of publication, distribution, etc. New Delhi
300 ## - PHYSICAL DESCRIPTION
Extent xix+1012
650 ## - SUBJECT ADDED ENTRY--TOPICAL TERM
Topical term or geographic name as entry element Object,oriented,programming,C++
942 ## - ADDED ENTRY ELEMENTS (KOHA)
Koha item type Books
Holdings
Date last seen Total Checkouts Full call number Accession number Old discount Cost, replacement price Price effective from Category Lost status Damaged status Department Withdrawn status bill no. bill date Permanent Location Current Location Shelving location Entry date Vendor Cost, normal purchase price Grants Currency symbol Conversion rate Discount Discount type
26/01/2024   001.6424C LAF1;2 R 52413 25 374.25 26/01/2024 Books     Central Library   2008/INV/000094 11/04/2012 Central Library Central Library Central Library 27/01/2009 Sai Books 499.00 TC RS 1 124.75 Rupees
26/01/2024   001.6424C LAF1;3 R1 52414 25 374.25 26/01/2024 Books     Central Library   2008/INV/000094 11/04/2012 Central Library Central Library Central Library 27/01/2009 Sai Books 499.00 TC RS 1 124.75 Rupees

© For any Suggestions or Query, please contact the library staff @ librarian@pes.edu or Phone: +9180 2672 1983/ 2108.